000 00991aam a2200313 i 4500
001 768714001
003 CO-MdFUSB
005 20250827142653.0
007 ta
008 250827b |||||||| |||| 00| 0 eng d
020 _a84-7228-314-3
040 _cCO-MdFUSB
041 0 _aspa
082 0 4 _223
_a248.845
_bN234v
100 1 _aNarramore, Bruce
_eautor
240 _aAn ounce of prevention
245 1 0 _aVale más prevenir que curar :
_buna guía para los padres sobre el crecimiento y desarrollo moral de los niños
_c/ Bruce Narramore ; traducido por Francisco Cazorla Olmo
264 1 _bClie,
_aTerrassa, Barcelona, España :
_c[1977]
264 4 _c©1977
300 _a197 páginas
336 _atexto
_btxt
_2rdacontent
337 _2rdamedia
_asin mediación
_bn
338 _2rdacarrier
_avolumen
_bnc
563 _aRústico
653 _aMoral -- Ética cristiana
700 _aCazorla Olmo, Francisco,
_96064
_etraductor
942 _cBK
945 _aJTF-925
999 _c40118
_d40118